000 00824nam a22002897a 4500
001
003 DO-SdBNP
005 20220317133443.0
007
008 151005b1994 cl 00| 0 spa d
040 _aBPMSU
_bspa
_cBPMSU
082 _aCo863.6
_bG216d 1994
_222
092 _a
_bXXXX
100 1 _aGarcía Márquez, Gabriel
_d1927-2014
245 1 4 _aDel amor y otros demonios /
_cGabriel García Márquez
260 _aSanto Domingo :
_bTaller,
_c1994.
300 _a198 p. :
_c22 cm.
490 0 _aBiblioteca taller
_v299
500 _aIncluye datos biográficos del autor en la contracubierta
521 1 _aA partir de los 12 años
590 _6Inventariado, 2022/VM
650 4 _aNovela colombiana.
650 4 _aLiteratura colombiana
910 _aVMateo V.
942 _2ddc
_cBK
956 _aYngrid Lockward
999 _c8837
_d8837